Welcome to CU Library Online Public Access Catalogue (OPAC)

Women in natural resources management enterprises in Ghana / (Record no. 3094)

MARC details
000 -LEADER
fixed length control field 00911cam a2200253 a 4500
001 - CONTROL NUMBER
control field 12868700
005 - DATE AND TIME OF LATEST TRANSACTION
control field 20250127105414.0
008 - FIXED-LENGTH DATA ELEMENTS--GENERAL INFORMATION
fixed length control field 020219s2001 gh a b 000 0ceng
020 ## - INTERNATIONAL STANDARD BOOK NUMBER
International Standard Book Number 9964978790
050 00 - LIBRARY OF CONGRESS CALL NUMBER
Classification number HC1060.Z65
Item number A73 2001
082 00 - DEWEY DECIMAL CLASSIFICATION NUMBER
Classification number 333.7/082/09667
Edition information 21
100 1# - MAIN ENTRY--PERSONAL NAME
Personal name Ardayfio-Schandorf, Elizabeth.
245 10 - TITLE STATEMENT
Title Women in natural resources management enterprises in Ghana /
Statement of responsibility, etc. Elizabeth Ardayfio-Schandorf, Charlotte Wrigley.
260 ## - PUBLICATION, DISTRIBUTION, ETC.
Place of publication, distribution, etc. Accra New Town, Ghana :
Name of publisher, distributor, etc. Woeli Pub. Services,
Date of publication, distribution, etc. c2001.
300 ## - PHYSICAL DESCRIPTION
Extent 94 p. :
Other physical details col. ill. ;
Dimensions 21 cm.
440 #0 - SERIES STATEMENT/ADDED ENTRY--TITLE
Title Success stories series
500 ## - GENERAL NOTE
General note "Published for UNU/INRA"--T.p. verso.
500 ## - GENERAL NOTE
General note "A publication of UNU/INRA"--Cover.
650 #0 - SUBJECT ADDED ENTRY--TOPICAL TERM
Topical term or geographic name entry element Natural resources
Geographic subdivision Ghana
General subdivision Management.
650 #0 - SUBJECT ADDED ENTRY--TOPICAL TERM
Topical term or geographic name entry element Women in development
Geographic subdivision Ghana.
700 1# - ADDED ENTRY--PERSONAL NAME
Personal name Wrigley, Charlotte.
710 2# - ADDED ENTRY--CORPORATE NAME
Corporate name or jurisdiction name as entry element Institute for Natural Resources in Africa.
942 ## - ADDED ENTRY ELEMENTS (KOHA)
Source of classification or shelving scheme Library of Congress Classification
Koha item type Books
Suppress in OPAC No
999 ## -
-- 3094
-- 3094
Holdings
Withdrawn status Lost status Source of classification or shelving scheme Damaged status Not for loan Collection Home library Current library Shelving location Date acquired Total checkouts Full call number Barcode Date last seen Copy number Price effective from Koha item type
    Library of Congress Classification     Non-fiction Undergraduate Library (Christ Temple) Undergraduate Library (Christ Temple) General stacks 01/27/2025   HQ1180 ARD ulct00000984 01/27/2025 1 01/27/2025 Books
    Library of Congress Classification     Non-fiction Undergraduate Library (Christ Temple) Undergraduate Library (Christ Temple) General stacks 01/27/2025   HQ1180 ARD ulct00000985 01/27/2025 1 01/27/2025 Books
© 2023-2024 Copyright: Central University Libraries. All Rights Reserved | Created by: Mahone Tech Office